[Event "POL-chT blitz (Women)"]
[Site "Szczawno Zdroj"]
[Date "2018.12.15"]
[Round "5.4"]
[White "Zdziarska, Lidia"]
[Black "Plichta, Olga"]
[Result "1-0"]
[WhiteElo "1745"]
[BlackElo "1302"]
[PlyCount "64"]
[EventDate "2018.12.15"]
[EventType "team-swiss"]
[EventRounds "11"]
[EventCountry "POL"]
[SourceTitle "CBM 187 Extra"]
[Source "ChessBase"]
[SourceDate "2018.11.04"]
[SourceVersion "1"]
[SourceVersionDate "2018.11.04"]
[SourceQuality "1"]

1. e4 c6 2. d4 d5 3. exd5 cxd5 4. Bd3 Nf6 5. c3 Nc6 6. Bf4 Bg4 7. Nf3 e6 8. 0-0 Bd6 9. Bg5 0-0 10. Nbd2 e5 11. Be2 Bxf3 12. Nxf3 e4 13. Nd2 h6 14. Bh4 Qc7 15. Bg3 Bxg3 16. hxg3 a6 17. Re1 b5 18. Nf1 Ne7 19. Ne3 Qd7 20. Qb3 Rac8 21. a4 bxa4 22. Rxa4 Rb8 23. Qa3 Qb7 24. Rb1 Nc6 25. Rxa6 Ra8 26. Rxa8 Rxa8 27. Qc5 Ra5 28. Qd6 Ne8 29. Qf4 g5 30. Qg4 Ra2 31. b4 Ra3 32. Qh5 Ra8 1-0